| 000 | 00435nam a22001697a 4500 | ||
|---|---|---|---|
| 005 | 20260408155657.0 | ||
| 008 | 160613b xxu||||| |||| 00| 0 eng d | ||
| 020 | _a978-0-00-722631-3 | ||
| 041 | _aeng | ||
| 082 | _a823.914 | ||
| 100 |
_aMaclen, Alistair _91735 |
||
| 245 | _aForce to from Navarone | ||
| 260 |
_aNoida _bHarper collins Publishees, |
||
| 300 | _a325 | ||
| 650 |
_aModern English-language fiction _98962 |
||
| 942 | _cBK | ||
| 999 |
_c2445 _d2444 |
||